000 00821cam a2200217 4500
001 ABS62785
008 000000n2000 000 0 eng u
035 _a(Sirsi) u108014
100 _aNelson, R.
245 _aSour taste for PRICOA fund's tenants
260 _c2000
490 _aProperty Week
_v65(32) 18 August 2000, 8-10(3)
520 _aReports on the high service charges demanded by Edward Symmons & Partners at a Wiltshire business park, six months before the recent allegations of corruption surfaced. In some cases, tenants received demands for a 45% increase in service charges.
590 _aABS
650 _aCORRUPTION
650 _aSERVICES CHARGES
650 _aEDWARD SYMMONS AND PARTNERS
650 _aFRAUD
690 _aMANAGEMENT-BUSINESS MANAGEMENT-PROFESSIONAL PRACTICE
942 _n0
999 _c64531
_d64531